Historia del socialismo español / (Record no. 6825)

MARC details
000 -LEADER
campo de control de longitud fija 01610nam a2200361 i 4500
001 - NÚMERO DE CONTROL
campo de control 6825
003 - IDENTIFICADOR DE NÚMERO DE CONTROL
campo de control ES-MaACL
005 - FECHA Y HORA DE LA ÚLTIMA TRANSACCIÓN
campo de control 20240227093511.0
007 - CAMPO FIJO DE DESCRIPCIÓN FÍSICA--INFORMACIÓN GENERAL
campo de control de longitud fija t|
007 - CAMPO FIJO DE DESCRIPCIÓN FÍSICA--INFORMACIÓN GENERAL
campo de control de longitud fija t|
008 - DATOS DE LONGITUD FIJA--INFORMACIÓN GENERAL
campo de control de longitud fija 900604s1989 sp a |||| | spa d
020 ## - NÚMERO INTERNACIONAL ESTÁNDAR DEL LIBRO
Número Internacional Estándar del Libro 84-85905-57-1(O.C.)
080 ## - NÚMERO DE LA CLASIFICACIÓN DECIMAL UNIVERSAL
Número de la Clasificación Decimal Universal 335(46)"18/19"
245 00 - MENCIÓN DEL TÍTULO
Título Historia del socialismo español /
Mención de responsabilidad, etc. dirigida pos Manuel Tuñon de Lara.
250 ## - MENCION DE EDICION
Mención de edición 1ª ed.
260 ## - PUBLICACIÓN, DISTRIBUCIÓN, ETC.
Lugar de publicación, distribución, etc. Barcelona :
Nombre del editor, distribuidor, etc. Conjunto Editorial,
Fecha de publicación, distribución, etc. 1989.
300 ## - DESCRIPCIÓN FÍSICA
Extensión 5 v. :
Otras características físicas il. ;
Dimensiones 25 cm.
500 ## - NOTA GENERAL
Nota general Cronología.
504 ## - NOTA DE BIBLIOGRAFÍA, ETC.
Nota de bibliografía, etc. Bibliografía.
505 8# - NOTA DE CONTENIDO CON FORMATO
Nota de contenido con formato Contiene: t. I. (1870-1909) / Santiago Castillo ; presentacion e introduccion por Manuel Tuñon de Lara -- t. II. (1909-1931) / Ramon Alquezar, Josep Termes ; introduccion por Manuel Tuñon de Lara -- t. III. (1931-1939) / Santos Julia ; introduccion por Manuel Tuñon de Lara -- t. IV. (1939-1977) / Jose Luis Martin Ramos ; introduccion por Manuel Tuñon de Lara -- t. V (1977-1988) / texto, cronologia y bibliografia por Enric Company ; biografias por Francesc Arroyo
610 24 - PUNTO DE ACCESO ADICIONAL DE MATERIA--NOMBRE DE ENTIDAD CORPORATIVA
Nombre de entidad corporativa o nombre de jurisdicción como elemento de entrada Partido Socialista Obrero Español-
Subdivisión de forma Historia.
9 (RLIN) 6157
650 ## - PUNTO DE ACCESO ADICIONAL DE MATERIA--TÉRMINO DE MATERIA
Término de materia o nombre geográfico como elemento de entrada Socialismo-
Subdivisión geográfica España-
Subdivisión de forma Historia.
9 (RLIN) 17156
700 0# - ENTRADA AGREGADA--NOMBRE PERSONAL
Nombre de persona Tuñón de Lara, Manuel,
Fechas asociadas al nombre 1915-1997
9 (RLIN) 111681
700 1# - ENTRADA AGREGADA--NOMBRE PERSONAL
Nombre de persona Castillo, Santiago.
9 (RLIN) 36722
700 1# - ENTRADA AGREGADA--NOMBRE PERSONAL
Nombre de persona Termes, Josep.
9 (RLIN) 109751
700 1# - ENTRADA AGREGADA--NOMBRE PERSONAL
Nombre de persona Alquézar, Ramón.
9 (RLIN) 149441
700 1# - ENTRADA AGREGADA--NOMBRE PERSONAL
Nombre de persona Juliá, Santos,
Fechas asociadas al nombre 1940-2019
9 (RLIN) 67236
700 1# - ENTRADA AGREGADA--NOMBRE PERSONAL
Nombre de persona Martín Ramos, José Luis.
9 (RLIN) 77621
700 1# - ENTRADA AGREGADA--NOMBRE PERSONAL
Nombre de persona Company, Enric.
9 (RLIN) 40033
700 1# - ENTRADA AGREGADA--NOMBRE PERSONAL
Nombre de persona Arroyo, Francesc.
9 (RLIN) 23354
852 ## - LOCALIZACIÓN
Ubicación ES-MaACL
Número de control de estantería L-14013-17
Nota libre . - guafl.
Holdings
Estatus retirado Estado de pérdida Estado de daño No para préstamo Biblioteca de origen Biblioteca actual Ubicación en estantería Fecha de adquisición Fuente de adquisición Total de préstamos Signatura topográfica completa Código de barras Visto por última vez Precio de reemplazo Tipo de ítem Koha
        Biblioteca del Ateneo de Madrid Biblioteca del Ateneo de Madrid Depósito 2 17/01/2008     L-14013-17 1006960 23/02/2023 23/02/2023 Libro impreso